Les signes graphiques - Statistiques

Statistiques générales
  • Ce quiz a été pris 192 fois
  • Le résultat moyen est 25 sur 35
Statistiques - réponses
Signes Réponses % Correct
@ arobase
96%
. point
96%
euro
95%
$ dollar
93%
+ plus
93%
, virgule
93%
= égal
92%
? point d'interrogation
91%
; point virgule
91%
: 2 points
90%
ç cédille
90%
" guillemet
90%
! point d'exclamation
90%
% pourcentage
89%
/ slash
89%
' apostrophe
88%
( ) parenthèses
87%
£ livre
86%
- tiret
84%
[ ] crochets
75%
# dièse
72%
² carré
71%
* astérisque
67%
... points de suspension
66%
^ accent circonflexe
64%
¨ tréma
63%
° degré
58%
& esperluette
58%
| barre
52%
§ paragraphe
46%
µ micro
43%
{ } accolades
40%
\ antislash
29%
< > chevrons
5%
¤ devise
0%
Aucun quiz correspondant
Distribution des résultats
% des personnes avec chaque résultat
Percentile par nombre de réponses
Votre historique - résultats
Vous n’avez pas pris ce quiz